| 000 | 00836nam a2200277 a 4500 | ||
|---|---|---|---|
| 001 | 18376 | ||
| 003 | BD-RjUL | ||
| 005 | 20211209000257.0 | ||
| 008 | 161107r19661963nju b 00100 eng | ||
| 035 | _a(BD-RjUL)18434 | ||
| 035 | _a(BD-RjUL) | ||
| 035 | _a1017145 | ||
| 040 |
_aBD-RjUL _beng _cBD-RjUL |
||
| 041 | _aeng | ||
| 082 | 0 |
_a813 _223 _bBAH 1966 |
|
| 100 | 1 |
_aBaker, Carlos, _d1909-1987. _956592 |
|
| 245 | 1 | 0 |
_aHemingway : _bthe writer as artist / _cCarlos Baker. |
| 250 | _a3rd ed. | ||
| 260 |
_aPrinceton, N.J. : _bPrinceton University Press, _c1963 [printed 1966] |
||
| 300 |
_axx, 379 p. : _c23 cm. |
||
| 504 | _aIncludes bibliographical references and index. | ||
| 600 | 1 | 0 |
_aHemingway, Ernest, _d1899-1961. _9162727 |
| 650 |
_aAmerican Fictions _9148203 |
||
| 942 |
_2ddc _cBK |
||
| 999 |
_c18376 _d18376 |
||